000 00811cam a22002297a 4500
020 _a9789251058367
020 _a9251058369
040 _cBTCTA
082 0 0 _a663 WOR 2007 A037 Or.
245 0 0 _aWaters.
250 _a1st ed.
260 _aRome :
_bWorld Health Organization :
_bFood and Agriculture Organization of the United Nations,
_c2007.
300 _a38 p. ;
_c25 cm.
490 1 _aCodex alimentarius,
500 _a"This first edition includes texts adopted by the Codex Alimentarius Commission up to 2007."--Preface.
500 _a"TC/M/A1986E/1/12.07/6000"--P. [4] of cover.
650 0 _aWater quality
710 2 _aWorld Health Organization.
710 2 _aFood and Agriculture Organization of the United Nations.
710 2 _aJoint FAO/WHO Codex Alimentarius Commission.
942 _cEK
999 _c11524
_d11524